| 000 | 00568nam a2200181Ia 4500 | ||
|---|---|---|---|
| 008 | 090123s9999 xx 000 0 und d | ||
| 082 |
_b31303 _a891.463/लागू |
||
| 100 | _aलागू चिंतामणी | ||
| 245 | _aसागरपुत्र | ||
| 250 | _a1 | ||
| 260 |
_bमनोरमा प्रकाशन _c2000 |
||
| 300 | _a455 | ||
| 600 | _aलागू चिंतामणी | ||
| 630 | _aसागरपुत्र | ||
| 700 | _aलागू चिंतामणी | ||
| 730 | _aसागरपुत्र | ||
| 942 | _cBOOK | ||
| 999 |
_c69362 _d69362 |
||